LEADER 01194nam a2200289 a 4500 001 000000133200 003 CaOOAMICUS 005 20130315094530.0 008 130315s2007 enk u000 u eng r 020 $z978-07456-3999-4* 040 $aPUL$bita 082 04$a297 100 1 $aZeitlin, Irving M.$0(OLS)http://pul/name/85843 245 14$aThe historical Muhammad /$cIrving M. Zeitlin. 260 $aCambridge, UK ; Malden, MA :$bPolity press,$cİ2007. 300 $aviii, 181 p. ;$c23 cm. 504 $aInclude riferimenti bibliografici (p. [170]-174) ed indice. 600 04$aMuhammad,$cil Profeta$xBiografia.$0(OLS)http://pul/subject/22976 650 4$aIslamismo$xStoria.$0(OLS)http://pul/subject/24633 850 $aPUL 852 $aPUL$W1$xSL Religione 3$y85$m297 ZEIIR 1$j153138$qDDC 21$B152634$CPULBib$Z2$F152634 $H121975 $82 941 1 $a9 996 $6020$z978-07456-3999-4*$9(OLS)http://pul/number/152173 996 $6082$a297$9(OLS)http://pul/classification/742 996 $6245$aThe historical Muhammad$9(OLS)http://pul/title/168314 996 $6260$aCambridge, UK ; Malden, MA :$bPolity press$9(OLS)http://pul/publisher/78639 LEADER 01453nam a2200325 a 4500 001 000000159291 003 CaOOAMICUS 005 20170307120818.0 008 170307s2016 it u000 u ita r 020 $a978-88-921-0532-4* 032 $aLibriCat 040 $aPUL$bita 082 04$a341.01 100 1 $aFranchi, Marina.$0(OLS)http://pul/name/78723 245 10$aTutela internazionale dei diritti umani :$bcasi e materiali /$cMarina Franchi, Ilaria Viarengo ; con la collaborazione di Federica Favuzza e Elena Kaiser. 260 $aTorino :$bG. Giappichelli,$cİ2016. 300 $aXII, 335 p. ;$c25 cm. 504 $aBibliografia in nota. 650 4$aDiritti umani$xDiritto internazionale.$0(OLS)http://pul/subject/40501 700 1 $aViarengo, Ilaria.$0(OLS)http://pul/name/101814 700 1 $aFavuzza, Federica.$0(OLS)http://pul/name/101815 700 1 $aKaiser, Elena.$0(OLS)http://pul/name/101816 850 $aPUL 852 $aPUL$W1$xSL Diritto e Scienze Sociali 3$y79$m341. 01 FRAMA 1$j182598$qDDC 21$B185805$CPULBib$Z2$F185805 $H129089 $81 941 1 $a9 996 $6020$a978-88-921-0532-4*$9(OLS)http://pul/number/162173 996 $6082$a341.01$9(OLS)http://pul/classification/2075 996 $6245$aTutela internazionale dei diritti umani :$bcasi e materiali$9(OLS)http://pul/title/198911 996 $6260$aTorino :$bG. Giappichelli$9(OLS)http://pul/publisher/49130